NLSUI OPAC header image

An insight into the governing the human rights of the child relating to education (Record no. 36100)

MARC details
000 -LEADER
fixed length control field 00455nam a2200157Ia 4500
008 - FIXED-LENGTH DATA ELEMENTS--GENERAL INFORMATION
fixed length control field 160316s2012 xxu||||| |||| 00| 0 eng d
082 ## - DEWEY DECIMAL CLASSIFICATION NUMBER
Classification number 346.017000
Item number DEV
100 ## - MAIN ENTRY--PERSONAL NAME
Personal name Dev Shampa
245 ## - TITLE STATEMENT
Title An insight into the governing the human rights of the child relating to education
250 ## - EDITION STATEMENT
Edition statement
260 ## - PUBLICATION, DISTRIBUTION, ETC.
Place of publication, distribution, etc. Nagpur
Name of publisher, distributor, etc. RTM Nagpur University
Date of publication, distribution, etc. 2012
300 ## - PHYSICAL DESCRIPTION
Extent 17
Other physical details
Dimensions
365 ## - TRADE PRICE
Price amount
650 ## - SUBJECT ADDED ENTRY--TOPICAL TERM
Topical term or geographic name entry element 1. Human rights - laws<br/>2. Child - education
700 ## - ADDED ENTRY--PERSONAL NAME
Personal name
--
Holdings
Withdrawn status Lost status Damaged status Not for loan Home library Current library Shelving location Date acquired Total Checkouts Full call number Barcode Date last seen Price effective from Koha item type
        . .   30.05.2017   346.017 DEV REP11977 30.05.2017 30.05.2017 Repository